|
|
|
|
| LEADER |
00000nam a2200000Ii 4500 |
| 001 |
DIGUNAU0224 |
| 003 |
NyNyDIG |
| 006 |
m o d |
| 007 |
cr ||||||||||| |
| 008 |
230601s2016 ck a o 000 p spa d |
| 035 |
|
|
|a (OCoLC)1029856537
|
| 040 |
|
|
|a DGITA
|b eng
|e rda
|e pn
|c DGITA
|
| 020 |
|
|
|z 9789588869575
|
| 050 |
1 |
4 |
|a PQ7389.L49 ebook
|
| 100 |
1 |
|
|a Lezama Lima, José,
|e author.
|
| 245 |
1 |
0 |
|a Universo poético /
|c José Lezama Lima ; recopilación y edición, Narciso J. Hidalgo, Rafael Saumell, Enrique Patterson.
|
| 264 |
|
1 |
|a Medellín :
|b Ediciones UNAULA,
|c [2016]
|
| 300 |
|
|
|a 1 online resource :
|b illustrations.
|
| 336 |
|
|
|a text
|b txt
|2 rdacontent
|
| 337 |
|
|
|a computer
|b c
|2 rdamedia
|
| 338 |
|
|
|a online resource
|b cr
|2 rdacarrier
|
| 347 |
|
|
|a text file
|2 rdaft
|
| 347 |
|
|
|b PDF
|
| 490 |
1 |
|
|a Cuadernos de cultura latinoamericana ;
|v no. 11
|
| 588 |
0 |
|
|a Online resource; title from PDF title page (Digitalia, viewed June 1, 2023)
|
| 600 |
1 |
0 |
|a Lezama Lima, José
|x Criticism and interpretation.
|
| 655 |
|
7 |
|a Poetry.
|2 lcgft
|
| 700 |
1 |
|
|a Hidalgo, Narciso J.,
|e editor.
|
| 700 |
1 |
|
|a Saumell, Rafael E.,
|e editor.
|
| 700 |
1 |
|
|a Patterson, Enrique,
|e editor.
|
| 791 |
2 |
|
|a Digitalia (Firm),
|e distributor.
|
| 793 |
0 |
|
|g Digitalia eBook Collection:
|a Ediciones UNAULA
|
| 776 |
0 |
8 |
|i Print version:
|a Lezama Lima, José.
|t Universo poético.
|b Primera edición.
|d Medellín : Ediciones UNAULA, 2016
|z 9789588869575
|
| 830 |
|
0 |
|a Cuadernos de cultura latinoamericana ;
|v no. 11.
|
| 856 |
4 |
0 |
|3 Digitalia Hispánica
|u https://www.digitaliapublishing.com/a/125736/
|
| 910 |
|
|
|a Premium collection: 2023
|